ID the Herb Quiz Stats

 Plays Quiz Updated Sep 14, 2018

Score 0/30 Timer 06:00
2 Plays Today
Question Answer Wrong Answers
Pick the Garlic
95.6%
1.2%
0.2%
Pick the Lavender
95.5%
0.9%
0.6%
Pick the Star Anise
95.5%
0.3%
0.5%
Pick the Dill
95.5%
0.9%
3.2%
Pick the Ginger
95.2%
0.5%
0.6%
Pick the Cinnamon
95.1%
0.2%
1.2%
Pick the Parsley
94.7%
2.4%
1%
Pick the Mint
94.7%
3%
0.8%
Pick the Rosemary
94.5%
2.4%
1.9%
Pick the Chives
94.3%
1%
2.6%
Pick the Turmeric
93.2%
1.8%
1.3%
Pick the Vanilla
93.2%
2.8%
0.2%
Pick the Cloves
92.9%
2.6%
0.9%
Pick the Saffron
92.7%
2.9%
1.2%
Pick the Basil
92.7%
1.9%
3.4%
Pick the Coriander (Cilantro)
89.7%
8.3%
1.7%
Pick the Thyme
89.7%
7.2%
1.4%
Pick the Wasabi
88.4%
7.2%
0.6%
Pick the Horseradish
88.2%
2.6%
5.4%
Pick the Cardamom
87.8%
5.8%
2.6%
Pick the Mustard
87%
5.6%
3.7%
Pick the Fennel
82.8%
7.4%
6.7%
Pick the Sage
81.9%
2.7%
14.6%
Pick the Lemongrass
80.2%
13.8%
2.1%
Pick the Nutmeg
77.9%
17.4%
1.2%
Pick the Oregano
75.1%
10.5%
12%
Pick the Tarragon
72.7%
10.3%
14.6%
Pick the Marjoram
70.6%
5.5%
21.2%
Pick the Caraway (seeds)
60%
14.1%
22.7%
Pick the Fenugreek
32.9%
53.4%
10.4%

You're not logged in!

Compare scores with friends on all Sporcle quizzes.
OR
Log In

Show Comments

Extras

Top Quizzes Today


Score Distribution

Your Account Isn't Verified!

In order to create a playlist on Sporcle, you need to verify the email address you used during registration. Go to your Sporcle Settings to finish the process.

Report this User

Report this user for behavior that violates our Community Guidelines.

Details: